01811aam a2200301 i 450000100190000000500170001900800410003601500190007701600180009602000180011403500600013203500240019204001010021604100080031705000200032510000350034524500780038026000350045830000230049350400670051652007040058365000310128765000350131865000410135394200080139495200920140299900150149499102853998740433620251013163916.0191202t20192018enk b 001 0 eng d aGBB9D52922bnb7 a0194961032Uk a9781783782307 a(OCoLC)1134534874z(OCoLC)1078434809z(OCoLC)1159823261 a(OCoLC)on1134534874 aTOHbengerdacTOHdOCLCQdYDXdBDXdUKMGBdOCLCFdGEQdWZWdL2UdGZMdVP@dNYPdU@MdOCLCOdCDX aeng 4aB72b.B324 2019 aBaggini, Julianeauthor92614210aHow the world thinksb: a global history of philosophyc/ Julian Baggini. aLondon :bGranta Books,c2019. a432 pages ;c20 cm aIncludes bibliographical references (pages 377-379) and index.8 aIn the first global overview of philosophy, Julian Baggini travels the world to provide a wide-ranging map of human thought. One of the great unexplained wonders of human history is that written philosophy flowered entirely separately in China, India and Ancient Greece at more or less the same time. These early philosophies have had a profound impact on the development of distinctive cultures in different parts of the world. What we call 'philosophy' in the West is not even half the story. Julian Baggini sets out to expand our horizons, exploring the philosophies of Japan, India, China and the Muslim world, as well as the lesser-known oral traditions of Africa and Australia's first peoples. 0aPhilosophyxHistory911704 0aPhilosophy, Comparative926143 0aPhilosophy0(OCoLC)fst0106077792992 2lcc 00102lcc4070aTBSbTBSd2025-10-13l0oB72 BAGpB07683r2025-10-13t1w2025-10-13y1 c5041d5041